000 01093cad a22002175a 4500
001 E153950
008 110927s2011 xxk f s000 0 eng d
020 _a9781780454177
035 _a(Sirsi) u153950
041 0 _aeng
110 2 _aScotland
_bScottish Government
_95344
245 0 0 _aProperty Factors (Scotland) Act 2011, code of conduct for property factors
_bdraft for consultation
_h[electronic resource]
260 _aEdinburgh
_bScottish Government
_c2011
520 _aSeeks views on a draft Property Factor Code of Conduct, plans for which were set out in the Property Factors (Scotland) Act 2011. The aim of the Code is to set minimum statutory standards of practice for property and land management. The deadline for comments is 16 December 2011.
590 _aKA NTK
650 2 4 _aPROPERTY FACTORS (SCOTLAND) ACT 2011
651 4 _aScotland
_y1999-
690 _aPROPERTY-RESIDENTIAL PROPERTY-RESIDENTIAL LANDLORD AND TENANT
856 4 0 _uhttps://www.scotland.gov.uk/Publications/2011/09/23151014/0
_zView the consultation free of charge at www.scotland.gov.uk
942 _n0
999 _c112778
_d112778